Estatísticas para Cultura Geral

Clique aqui para jogar o quiz

Estatísticas Gerais

  • Esse quiz foi jogado 17 vezes
  • A pontuação média é 6 de 15

Estatísticas das Respostas

HintResposta% Correto
Quem é o namorado da Barbie?Ken
94%
Que medida é metade do diâmetro de um círculo?Raio
75%
Qual é o nome do menino dono dos brinquedos em "Toy Story"?Andy
50%
Em Veneza qual é a sua festa mais famosa?Carnaval
50%
Para qual evento a música "Waka Waka" foi escrita?2010 FIFA World Cup
44%
Em que cidade posso visitar o Parque Güell para ver a famosa salamandra de Gaudí?Barcelona
44%
Qual é o rio mais sagrado do hinduísmo?Ganges
38%
Que país era anteriormente chamado de Índias Orientais Holandesas?Indonésia
38%
Que cidade portuária foi conectada a Manchester pela primeira ferrovia exclusivamente movida a vapor do mundo?Liverpool
38%
Que cidade está afundando no mar Adriático a uma taxa de 2 mm a cada ano?Veneza
38%
Que cidade portuguesa é conhecida como "A Veneza de Portugal"?Aveiro
31%
Qual ingrediente dá ao pesto sua cor verde?
Manjericão
25%
Qual era o nome do meio de John F. Kennedy?Fitzgerald
25%
Que famosa praça podemos encontrar em Veneza?Praça de São Marcos
13%
Quem escreveu o livro infantil " O Soldadinho de Chumbo"?Hans Christian Andersen
6%

Distribuição das Pontuações

Percentil de Números Respondidos

Porcentagem de Pessoas com Cada Pontuação

Sua Pontuação Histórica

Você não jogou esse quiz